Godzilla: Reiwa Era - Statistics

General Stats
  • This quiz has been taken 9 times
  • The average score is 6 of 8
Answer Stats
Year Film % Correct
2016 Shin Godzilla
100%
2023 Godzilla Minus One
88%
2021 Godzilla Singular Point
88%
2017 Godzilla: Planet of the Monsters
75%
2018 Godzilla: The Planet Eater
75%
2022 Godzilla vs Gigan Rex
75%
2018 Godzilla: City on the Edge of Battle
63%
2023 Godzilla vs Megalon
63%
No matching quizzes found
Score Distribution
Percent of People with Each Score
Percentile by Number Answered
Your Score History
You have not taken this quiz